Word Ladder: A Comet's Luminescence Quiz Stats

 Plays Quiz Updated Jun 3, 2016

Challenge
Share
Tweet
Embed
Score 0/20 Timer 02:00
4 Plays Today
Clue 4-Letter Word % Correct
☀️ Beams of light, often from the sun ☀️☀️ RAYS ☀️
97.2%
Wise person; gray-green herbSAGE
92.7%
Band: '____ Against the Machine'RAGE
92.5%
Mentally competentSANE
90.6%
Riches alternativeRAGS
90.5%
Bridge-crossing feeTOLL
89%
Brown carbonated drinkCOLA
88.1%
Conveyed verballyTOLD
86.7%
Like ice or Neptune's surfaceCOLD
86.4%
Harry Potter's needWAND
85.1%
Clue 4-Letter Word % Correct
Of great physical statureTALL
85.1%
Was dressed inWORE
83.7%
Beverage for BacchusWINE
83%
☀️ Charged particle 'breeze': solar ____ ☀️☀️ WIND ☀️
81.4%
Contents of some banks?SAND
79.6%
Eavesdropping deviceWIRE
76.8%
☄ The nucleus of a comet ☄☄ CORE ☄
76.3%
Dog commandCOME
71.4%
☄ Visible stream of dust or gases ☄☄ TAIL ☄
68.6%
☄ Nebulous envelope around the nucleus ☄☄ COMA ☄
66.6%

Today's Daily Dose

You're not logged in!

Compare scores with friends on all Sporcle quizzes.
Join for Free
OR
Log In

You Might Also Like...

Show Comments

Extras

Top Quizzes Today


Score Distribution

Your Account Isn't Verified!

In order to create a playlist on Sporcle, you need to verify the email address you used during registration. Go to your Sporcle Settings to finish the process.

Report this User

Report this user for behavior that violates our Community Guidelines.

Details: